[Event "40th IND-chT Open 2020"]
[Site "Ahmedabad"]
[Date "2020.02.13"]
[Round "9.9"]
[White "Satyapragyan, Swayangsu"]
[Black "Krishna C R G"]
[Result "1/2-1/2"]
[WhiteElo "2403"]
[BlackElo "2443"]
[Annotator "TA"]
[PlyCount "37"]
[EventDate "2020.02.05"]
[EventCountry "IND"]
[SourceTitle "playchess.com"]
[Source "ChessBase"]
[SourceQuality "1"]

{[%evp 19,37,23,23,14,40,20,45,20,41,37,32,36,53,0,31,0,48,0,38,0]} 1. d4 d5 2. Nf3 Nf6 3. g3 g6 4. Bg2 Bg7 5. O-O O-O 6. c4 c6 7. b3 Bf5 8. Bb2 Ne4 9. Nbd2 Nxd2 10. Qxd2 Be4 11. Rfd1 {D78: Fianchetto Grünfeld: 6 0-0 c6.} Nd7 12. Rac1 Nf6 {[#]} 13. e3 $146 ({Predecessor:} 13. Qb4 Rb8 14. cxd5 Bxd5 15. Qc3 Qb6 16. Bf1 Ne4 17. Qe3 f5 18. Ne1 e5 19. dxe5 Qxe3 20. fxe3 {1-0 (39) Ponomariov,R (2710)-Hansen,E (2573) Berlin 2015}) 13... Rc8 14. Qe2 Re8 15. Bh3 Bf5 16. Bg2 Be4 17. Bh3 Bf5 18. Bg2 Be4 19. Bh3 {Accuracy: White = 79%, Black = 77%.} 1/2-1/2

[Event "40th IND-chT Open 2020"]
[Site "Ahmedabad"]
[Date "2020.02.13"]
[Round "9.10"]
[White "Das, Sayantan"]
[Black "Swayams, Mishra"]
[Result "1/2-1/2"]
[WhiteElo "2426"]
[BlackElo "2485"]
[Annotator "TA"]
[PlyCount "28"]
[EventDate "2020.02.05"]
[EventCountry "IND"]
[SourceTitle "playchess.com"]
[Source "ChessBase"]
[SourceQuality "1"]

{[%evp 27,28,0,0]} 1. d4 e6 2. c4 Nf6 3. g3 d5 4. Nf3 Be7 5. Bg2 O-O 6. O-O dxc4 7. Qc2 a6 8. Qxc4 b5 9. Qc2 Bb7 10. Bd2 Be4 11. Qc1 {[#]} Bb7 $146 ({Predecessor:} 11... Nc6 12. Be3 b4 13. Nbd2 Bd5 14. Bg5 Nxd4 15. Nxd4 Bxg2 16. Nxe6 fxe6 17. Kxg2 Qd5+ 18. Nf3 c5 19. Qc2 c4 20. Rad1 Qb5 21. Rd4 {1-0 (36) Giri,A (2776)-Aronian,L (2772) Kolkata 2019}) 12. Qc2 Be4 13. Qc1 Bb7 14. Qc2 Be4 1/2-1/2

[Event "40th IND-chT Open 2020"]
[Site "Ahmedabad"]
[Date "2020.02.13"]
[Round "9.11"]
[White "Bakre, Tejas"]
[Black "Thejkumar, M. S."]
[Result "1/2-1/2"]
[WhiteElo "2425"]
[BlackElo "2438"]
[Annotator "TA"]
[PlyCount "61"]
[EventDate "2020.02.05"]
[EventCountry "IND"]
[SourceTitle "playchess.com"]
[Source "ChessBase"]
[SourceQuality "1"]

{[%evp 26,61,6,-11,0,0,-2,0,0,-8,0,0,1,0,0,0,0,0,0,0,0,0,0,0,7,0,0,0,0,-6,0,0,0,-9,-3,-15,-4,-2]} 1. d4 d5 2. c4 c6 3. Nf3 Nf6 4. cxd5 cxd5 5. Nc3 Nc6 6. Bf4 Bf5 7. e3 e6 8. Bd3 Bxd3 9. Qxd3 Bd6 10. Bxd6 Qxd6 11. O-O O-O 12. Rac1 Rac8 13. a3 a6 14. h3 {[#] The position is equal.} g6 $146 {D14: Slav Defence: Exchange variation with ...Bf5.} ({Predecessor:} 14... h6 15. Rc2 Rc7 16. Rfc1 Rfc8 17. Ne2 Ne7 18. Rxc7 Rxc7 19. Rxc7 Qxc7 20. Qc3 Nc6 21. Qd3 Ne7 22. Qc3 Nc6 23. Qd3 Ne7 24. Qc3 {½-½ (24) Zakhartsov,V (2483)-Tsydypov,Z (2545) Taganrog 2019}) 15. Ne2 Rc7 16. Rc2 Rfc8 17. Rfc1 Ne7 (17... Kg7 {seems wilder.} 18. Qd1 Na5 19. Rxc7 Rxc7 20. Ne5 Nc4) 18. Rxc7 Rxc7 19. Rxc7 Qxc7 20. Qc3 Qxc3 21. Nxc3 $11 {[%mdl 4096] Endgame KNN-KNN} Nd7 22. Kf1 Kf8 23. Ke2 Nc6 24. g4 h6 25. Nd2 Ke7 26. b4 Nb6 27. f4 f5 28. gxf5 gxf5 29. Kd3 Kd6 30. Ne2 Na7 31. Nc3 {Accuracy: White = 100%, Black = 100%.} 1/2-1/2

[Event "40th IND-chT Open 2020"]
[Site "Ahmedabad"]
[Date "2020.02.13"]
[Round "9.12"]
[White "Laxman, R.R."]
[Black "Gokhale, Chandrashekhar"]
[Result "1/2-1/2"]
[WhiteElo "2432"]
[BlackElo "2158"]
[Annotator "TA"]
[PlyCount "19"]
[EventDate "2020.02.05"]
[EventCountry "IND"]
[SourceTitle "playchess.com"]
[Source "ChessBase"]
[SourceQuality "1"]

{[%evp 18,19,10,0]} 1. d4 d5 2. c4 c6 3. Nf3 Nf6 4. Nc3 dxc4 5. a4 Bf5 6. Nh4 {[#]} Bc8 $146 ({Predecessor:} 6... e6 7. Nxf5 exf5 8. e3 Bb4 9. Bxc4 O-O 10. O-O Nbd7 11. Qd3 g6 12. f3 Qe7 13. e4 Rad8 14. Bg5 h6 15. Bh4 g5 16. Bf2 Bxc3 17. Qxc3 fxe4 18. fxe4 Nb6 19. Bd3 Nxe4 {½-½ (32) Deac,B (2626)-Topalov,V (2738) Caleta 2020}) 7. Nf3 Bf5 8. Nh4 Bc8 9. Nf3 Bf5 10. Nh4 1/2-1/2

[Event "40th IND-chT Open 2020"]
[Site "Ahmedabad"]
[Date "2020.02.13"]
[Round "9.13"]
[White "Vignesh N R"]
[Black "Erigaisi Arjun"]
[Result "1/2-1/2"]
[WhiteElo "2436"]
[BlackElo "2563"]
[Annotator "TA"]
[PlyCount "127"]
[EventDate "2020.02.05"]
[EventCountry "IND"]
[SourceTitle "playchess.com"]
[Source "ChessBase"]
[SourceQuality "1"]

{[%evp 16,127,34,24,24,18,26,16,43,13,14,0,0,0,8,6,7,-16,0,0,7,-36,0,0,0,0,0,-19,0,-10,0,0,0,0,19,0,28,27,28,23,29,23,11,0,10,13,16,14,23,18,24,9,0,0,42,26,14,0,9,17,32,28,43,44,64,45,48,48,45,44,41,0,49,0,140,63,62,56,99,79,91,111,95,0,0,0,0,0,0,0,0,0,0,0,0,-4,24,24,47,47,44,8,8,8,8,-38,8,8,8,8,8,0,12,12]} 1. d4 d5 2. c4 e6 3. Nf3 c6 4. e3 Bd6 5. Bd3 f5 6. O-O Nf6 7. b3 Qe7 8. Bb2 O-O 9. Qc1 b6 {A84: Dutch Defence: 2 c4 Miscellaneous.} 10. Ba3 c5 11. Nc3 Nbd7 12. cxd5 Nxd5 13. Nb5 Bb8 14. dxc5 bxc5 15. Rd1 Bb7 16. Bb2 a6 {[#]} 17. Na3 $146 ({Predecessor:} 17. Nc3 Nxc3 18. Bxc3 Bxf3 19. gxf3 Ne5 20. Be2 Qh4 21. f4 Ng4 22. Bxg4 Qxg4+ 23. Kf1 Qh3+ {½-½ (23) Ivanov,V (2416)-Stewart,D (2286) ICCF email 2009}) 17... Bc7 18. Qd2 Rad8 19. Qe2 Nb4 20. Bc4 Kh8 21. Ne1 Nf6 22. h3 Rxd1 23. Rxd1 Ne4 24. Nb1 Nd5 25. Nd3 Qg5 26. f4 Qg3 27. Bxd5 exd5 28. Nd2 Bd6 29. Nxe4 fxe4 30. Ne5 Qh4 31. Qg4 Qxg4 32. hxg4 Kg8 $1 33. g5 {[#]} d4 $1 {[%mdl 512]} 34. Nc4 (34. exd4 Rxf4) 34... Bb8 35. g3 d3 36. Ba3 Ba7 37. Kf2 Bd5 38. Rc1 Rc8 39. Ke1 Rc6 40. Ne5 Rc7 41. Kd2 a5 42. Nc4 Rc6 43. Ne5 Rc7 44. Nc4 h6 {[#]} (44... Rc6 $1 $11) 45. gxh6 ({Reject} 45. Nxa5 $6 hxg5 46. Bb2 Rc8 $11) (45. g6 $1 $16) 45... gxh6 $14 46. Bb2 Rc6 47. Ne5 ({But not} 47. Nxa5 $6 Ra6 $11) 47... Ra6 48. Nd7 {Nf6+ is the strong threat.} Kf7 {[#]} 49. Nxc5 (49. g4 $1 $16) 49... Rg6 $11 50. Nxd3 $1 {Hoping for Ne5+.} Bxe3+ $1 51. Kxe3 Rxg3+ 52. Kd4 Rxd3+ {[%mdl 4096] Endgame KRB-KRB} 53. Ke5 e3 54. Rc7+ Ke8 {And now ...e2 would win.} 55. Bc3 $132 {[%mdl 2048] White has counterplay} Bf3 56. Ke6 Bd5+ 57. Kf6 a4 58. Re7+ Kd8 59. Ba5+ Kc8 60. Bb6 axb3 (60... Bxb3 $5 {[%cal Rd3d6]} 61. Bxe3 Bxa2 $11) 61. axb3 {The position is equal.} Bxb3 {next ...Rd6+ is good for Black.} 62. Bxe3 Rd6+ 63. Ke5 Rd5+ 64. Ke4 {Accuracy: White = 87%, Black = 86%.} 1/2-1/2

[Event "40th IND-chT Open 2020"]
[Site "Ahmedabad"]
[Date "2020.02.13"]
[Round "9.14"]
[White "Harsha Bharathakoti"]
[Black "Shyaamnikhil P"]
[Result "1-0"]
[WhiteElo "2495"]
[BlackElo "2460"]
[Annotator "TA"]
[PlyCount "83"]
[EventDate "2020.02.05"]
[EventCountry "IND"]
[SourceTitle "playchess.com"]
[Source "ChessBase"]
[SourceQuality "1"]

{[%evp 14,83,16,9,23,21,25,-4,26,26,27,13,29,28,25,32,45,31,35,43,24,14,16,20,14,19,45,37,28,26,21,28,27,21,36,42,58,53,56,52,76,68,75,25,107,105,96,35,54,49,76,74,80,67,102,39,20,0,78,0,96,92,89,94,966,957,1001,996,29993,29994,29994,0]} 1. d4 Nf6 2. c4 e6 3. Nf3 d5 4. Nc3 c5 5. cxd5 cxd4 6. Qa4+ Bd7 7. Qxd4 exd5 8. Bg5 Be7 {D41: Queen's Gambit Declined: Semi-Tarrasch with 5 cxd5.} 9. e3 Nc6 10. Qd2 Be6 {The position is equal.} (10... Ne4 $5 {[%cal Re4d2]} 11. Bxe7 Nxe7 12. Nxe4 dxe4 $11) 11. Bd3 h6 12. Bh4 {[#]} Bg4 $146 ({Predecessor:} 12... O-O 13. O-O Qb6 14. Rac1 Rac8 15. Rfd1 Rfd8 16. Na4 Qb4 17. Qxb4 Nxb4 18. Bb1 Rxc1 19. Rxc1 {½-½ (30) Esipenko,A (2384)-Vokhidov,S (2336) Porto Carras 2015}) 13. Be2 Be6 14. O-O Ne4 15. Bxe7 Qxe7 16. Nxe4 dxe4 17. Nd4 Bd7 18. Nb5 O-O 19. Qd6 a6 20. Rfd1 {[#] And now Qxe7 would win.} Rad8 21. Qxe7 Nxe7 22. Nd6 Bc6 23. Bc4 $36 {[%mdl 2048] White is pushing.} g6 24. Rd4 Kg7 25. Rad1 {Threatens to win with Nf5+!} Rb8 26. Bb3 b5 27. Rc1 ({Don't play} 27. Nxe4 $6 Nf5 $11) 27... f5 28. h4 Rb6 (28... h5 $11 {remains equal.}) 29. Rc5 $16 Kf6 30. h5 ({Better is} 30. g4 $16) 30... gxh5 $14 31. Kh2 h4 32. Kh3 Ba8 33. Rc7 Rc6 34. Rd7 (34. Ra7 $16) 34... Rc1 {[%cal Rc1h1]} 35. Kxh4 {Black must now prevent Nxe4+!} Rh1+ 36. Kg3 {Nb7 is the strong threat.} h5 (36... Bc6 $11 37. Rc7 Bd5 38. Bxd5 Nxd5 39. Rf7+ (39. Rxd5 $2 {is a self mate.} Rg8+ 40. Rg7 Rxg7+ 41. Kf4 Rg4#) 39... Rxf7 40. Nxf7 Ke6) 37. f4 $16 exf3 38. gxf3 Ng6 $2 {[%mdl 8192]} (38... h4+ $16 39. Kg2 (39. Rxh4 Rxh4 40. Kxh4 Bxf3 $11) 39... Rb1) 39. Nf7 $18 f4+ 40. Kg2 {White wants to mate with R4d6+.} Rc1 41. R4d6+ {[%mdl 64] [#] Double Attack} Kf5 42. Be6+ {[%mdl 32768] Accuracy: White = 83%, Black = 61%. . Loss on time!?} 1-0

[Event "40th IND-chT Open 2020"]
[Site "Ahmedabad"]
[Date "2020.02.13"]
[Round "9.15"]
[White "Deepan Chakkravarthy J."]
[Black "Matta, Vinay Kumar"]
[Result "1-0"]
[WhiteElo "2545"]
[BlackElo "2319"]
[Annotator "TA"]
[PlyCount "101"]
[EventDate "2020.02.05"]
[EventCountry "IND"]
[SourceTitle "playchess.com"]
[Source "ChessBase"]
[SourceQuality "1"]

{[%evp 13,101,14,20,0,14,18,18,0,18,25,20,30,10,27,38,-25,-2,-26,-29,-25,-22,-27,-36,-25,-15,-26,51,35,133,138,256,263,250,225,230,224,227,224,234,226,344,328,331,331,433,276,266,263,314,330,278,195,289,328,324,325,292,309,375,367,381,366,413,403,382,381,3065,3094,2907,2883,1697,1333,1934,1760,5531,5415,5028,4097,29974,29975,29982,29983,29983,29984,29984,29984,29984,29985,29985,29986]} 1. e4 e5 2. Nf3 Nc6 3. Bc4 Bc5 4. d3 Nf6 5. O-O O-O 6. c3 d6 7. a4 {Recently 7.Re1 got a lot of attention.} a5 8. Na3 {C54: Giuoco Piano: 4 c3 Nf6, main lines with 5 d4 and 5 d3.} Bg4 9. h3 Bh5 {[#]} 10. Be3 $146 {The position is equal.} ({Predecessor:} 10. Bb3 h6 11. Re1 Re8 12. Nc4 Qd7 13. Be3 Bxe3 14. Nxe3 Ne7 15. Bc2 c6 16. g4 {0-1 (29) Post,H (1879)-Loladze,A (1569) Batumi 2016}) 10... Bxa3 11. Rxa3 {[%cal Ba1a3,Ba3b3,Bb3b5][%mdl 32]} d5 12. exd5 Nxd5 13. Rb3 b6 14. g4 ({Better is} 14. Rb5 $14 Nxe3 15. fxe3) 14... Bg6 15. Rb5 Nxe3 16. fxe3 e4 17. dxe4 Qe7 18. e5 Rad8 19. Qe2 Kh8 ({Black should play} 19... Be4 $11) 20. e4 $36 {[%mdl 2048] White is more active.} Na7 (20... Nb8 $14) 21. Rd5 $16 c6 (21... h6 $16 {might work better.} 22. Rfd1 c6) 22. Rxd8 $18 Rxd8 23. Qe3 Nc8 24. Kg2 f6 25. exf6 gxf6 26. e5 {Hoping for Nh4.} b5 (26... Nd6 {was necessary.}) 27. axb5 cxb5 28. Bxb5 Qb7 29. Be2 Re8 30. Qf4 fxe5 31. Qf6+ Qg7 32. Qxg7+ Kxg7 33. Ra1 e4 34. Nd4 ({Inferior is} 34. Rxa5 exf3+ 35. Kxf3 Nd6 $11) 34... Re5 35. Nb3 Nb6 36. Rxa5 Rxa5 37. Nxa5 {[%mdl 4096] Endgame KBN-KBN} Na4 38. Nc4 Bf7 39. Bd1 Nxc3 $2 {[#]} (39... Nc5 40. Ne5 Bd5) 40. bxc3 Bxc4 {KB-KB} 41. Kg3 Kf6 42. Kf4 e3 43. Kxe3 Kg5 44. Be2 Be6 45. c4 {[%cal Bc3c4,Bc4c5][%mdl 32]} Kh4 46. Kf4 {White mates.} Kxh3 47. g5 Kh4 48. c5 Bd5 49. Bd3 Kh5 50. Bxh7 Bc6 51. Be4 {Accuracy: White = 90%, Black = 52%.} 1-0

[Event "40th IND-chT Open 2020"]
[Site "Ahmedabad"]
[Date "2020.02.13"]
[Round "9.16"]
[White "Rahul Srivatshav P"]
[Black "Swapnil, S. Dhopade"]
[Result "1/2-1/2"]
[WhiteElo "2474"]
[BlackElo "2495"]
[Annotator "TA"]
[PlyCount "92"]
[EventDate "2020.02.05"]
[EventCountry "IND"]
[SourceTitle "playchess.com"]
[Source "ChessBase"]
[SourceQuality "1"]

{[%evp 21,92,3,8,1,7,5,48,0,40,37,39,48,35,0,62,0,0,0,0,3,38,0,16,0,15,16,16,22,14,14,27,12,14,10,13,13,20,16,67,31,55,23,28,16,17,7,9,7,7,0,7,0,0,0,0,0,0,-80,0,0,0,0,89,0,0,4,24,0,0,0,0,0,1003]} 1. d4 d5 2. c4 dxc4 3. Nf3 Nf6 4. e3 e6 5. Bxc4 a6 6. O-O b5 7. Bd3 Bb7 8. Qe2 Nbd7 9. Rd1 c5 10. dxc5 Bxc5 11. a4 b4 12. Nbd2 {D28: Queen's Gambit Accepted: Classical main line: 7 Qe2 with early ...Nc6.} O-O 13. Nb3 Bd5 {[#]} 14. Bc4 $146 {White is slightly better.} ({Predecessor:} 14. Nxc5 Nxc5 15. Bc2 Qb6 16. a5 Qb7 17. Bd2 Rac8 18. Rac1 Rfd8 19. Be1 h6 20. Bb1 {1-0 (41) Barredo,L-Vayserberg,A Dos Hermanas 2003}) 14... Qb6 15. Bxd5 exd5 16. a5 Qb7 17. Bd2 Rfc8 (17... Bd6 $11) 18. Rac1 ({White should try} 18. Nxc5 $14 Nxc5 19. Be1) 18... Bf8 $11 19. Be1 Rxc1 20. Rxc1 Rc8 21. Rc2 Ne4 22. Nbd4 g6 23. Rxc8 Qxc8 24. Qc2 Qxc2 25. Nxc2 b3 26. Na1 {[#]} Ba3 $1 {[%mdl 512]} 27. Nxb3 (27. bxa3 b2) 27... Bxb2 28. Nfd4 f5 29. Nc6 Ba3 (29... Kf7 $11) 30. Kf1 Kf7 31. Ke2 (31. Bb4 $5 {[%cal Rb4a3]} Bb2 32. f3 $14) 31... Nec5 32. Nbd4 Ne6 33. Nc2 Bd6 34. N2b4 Nc7 35. Nd3 Ke6 36. Nd8+ Ke7 37. Nb7 Ba3 ({But not} 37... Bxh2 $6 38. g3 $16) 38. Kd1 Ne6 39. Nb4 {[#]} (39. Kc2 $11 {remains equal.}) 39... Bxb4 (39... Nb8 $1 $17 {And now ...Kd7 would win.} 40. Nc2 (40. Nxd5+ $2 Kd7 $19) 40... Bb2) 40. Bxb4+ $17 {[%mdl 4096] Endgame KBN-KNN} Kf6 41. Ke2 d4 {[#]} (41... Nb8 $11 {keeps the balance.}) 42. f4 (42. exd4 $1 $16 {Strongly threatening Kd3.} Nxd4+ 43. Kd3) 42... dxe3 $11 43. Kxe3 Nb8 44. Bd6 Nc6 {The position is equal.} 45. Kd3 Ned8 46. Nc5 Nb8 $2 {[%mdl 40960] Accuracy: White = 72%, Black = 74%. . An unexpected result.} (46... Nxa5 $11 47. Nxa6 Ke6) 1/2-1/2

[Event "40th IND-chT Open 2020"]
[Site "Ahmedabad"]
[Date "2020.02.13"]
[Round "9.17"]
[White "Eshwanth Dev, Kumar J"]
[Black "Jatinder, Kapoor"]
[Result "1-0"]
[WhiteElo "1850"]
[BlackElo "1586"]
[Annotator "NA RC"]
[PlyCount "89"]
[EventDate "2020.02.05"]
[EventCountry "IND"]
[SourceTitle "playchess.com"]
[Source "ChessBase"]
[SourceQuality "1"]
[TimeControl "5400+30"]

{[%evp 8,85,27,17,30,8,19,2,25,24,75,38,79,69,81,68,70,77,83,27,67,57,78,56,125,105,178,175,153,141,176,108,160,-19,114,74,109,91,96,73,203,220,197,189,166,175,176,178,235,182,223,264,254,329,270,298,504,390,463,453,759,616,679,547,32767,527,424,582,491,499,1313,2102,2441,32767,32767,32767,32767,32767,6111,29985]} 1. e4 {[%emt 0:00:00]} c5 {[%emt 0:10:49]} 2. Nf3 {[%emt 0:00:00]} d6 {[%emt 0:00:23]} 3. d4 {[%emt 0:00:00]} cxd4 {[%emt 0:00:03]} 4. Nxd4 {[%emt 0:00:36]} Nf6 {[%emt 0:00:58]} 5. Nc3 {[%emt 0:00:05]} a6 {[%emt 0:00:01]} 6. f3 {[%emt 0:00:13]} e6 {[%emt 0:01:03]} 7. Be3 {[%emt 0:00:04]} Be7 {[%emt 0:00:13]} 8. Qd2 {[%emt 0:00:03]} Qc7 {[%emt 0:00:07]} 9. O-O-O {[%emt 0:00:08]} b5 {[%emt 0:00:08]} 10. g4 {[%emt 0:00:10]} Bb7 {[%emt 0:00:27]} 11. g5 {[%emt 0:02:03]} Nfd7 {[%emt 0:00:22]} 12. h4 {[%emt 0:00:20]} Nc6 {[%emt 0:00:12]} 13. h5 {[%emt 0:06:28] B80: Sicilian Scheveningen: 6 g3 and 6 Be3, including English Attack.} Nde5 {[%emt 0:07:33]} 14. Qg2 {[%emt 0:03:28] [#]} Nxd4 $146 {[%emt 0:48:27]} ({Predecessor:} 14... b4 15. Nce2 Nc4 16. Bg1 Qa5 17. Kb1 e5 18. Nxc6 Bxc6 19. Nc1 Na3+ 20. bxa3 bxa3 {1-0 (55) Fier,A (2590)-Van Beuzekom,L ICC INT 2009}) 15. Bxd4 {[%emt 0:05:13]} O-O-O {[%emt 0:05:45]} (15... O-O $14) 16. f4 {[%emt 0:04:51]} Nc4 {[%emt 0:00:07]} (16... Rhg8 $16) 17. Bxc4 {[%emt 0:02:15]} ({Much weaker is} 17. Bxg7 $6 Ne3 $11) 17... Qxc4 {[%emt 0:00:05]} 18. Bxg7 {[%emt 0:01:02]} Rhg8 {[%emt 0:00:02]} 19. Bd4 {[%emt 0:05:10]} Kb8 {[%emt 0:03:22]} 20. Be3 $2 {[%emt 0:19:59]} ({Better is} 20. Qf2 $18) 20... b4 {[%emt 0:01:49]} (20... Bf6 $1 $11 {remains equal.} 21. Qe2 Bxc3 22. Qxc4 bxc4 23. bxc3 Bxe4) 21. Rd4 {[%emt 0:01:07]} Qc5 {[%emt 0:02:16]} 22. Na4 {[%emt 0:03:32]} Qb5 {[%emt 0:00:04]} 23. b3 {[%emt 0:01:48]} Rc8 {[%emt 0:01:34]} (23... e5 $16 {was called for.} 24. fxe5 Qxe5) 24. Qd2 {[%emt 0:05:43]} a5 {[%emt 0:00:44]} 25. Rd1 {[%emt 0:08:42]} Rc6 {[%emt 0:01:48]} 26. Kb1 {[%emt 0:16:31]} Rgc8 {[%emt 0:00:35]} 27. Rc1 {[%emt 0:00:18]} Bf8 {[%emt 0:01:31]} 28. h6 {[%emt 0:00:46]} Be7 {[%emt 0:00:09] [#]} 29. f5 $1 {[%emt 0:03:23]} Ra6 {[%emt 0:05:06]} 30. f6 {[%emt 0:03:21]} Bf8 {[%emt 0:00:33]} 31. e5 {[%emt 0:04:14]} Bd5 $2 {[%emt 0:00:16]} (31... Qxe5 32. Bf4 Qf5) 32. Bf4 {[%emt 0:01:27]} dxe5 {[%emt 0:02:56]} 33. Bxe5+ {[%emt 0:00:04]} Rd6 {[%emt 0:01:28]} (33... Kb7 $142 34. c4 {[%mdl 64] Double Attack} bxc3 35. Nxc3 {[%mdl 64] Double Attack} Qc5) 34. Qf4 {[%emt 0:00:00]} Qa6 {[%emt 0:02:21]} 35. c4 {[%emt 0:01:45]} bxc3 {[%emt 0:00:04]} 36. Nxc3 {[%emt 0:00:50]} Ka8 {[%emt 0:00:27]} 37. Bxd6 {[%emt 0:01:08]} Bxd6 {[%emt 0:00:08]} 38. Qd2 {[%emt 0:01:11]} Rxc3 {[%emt 0:02:09]} 39. Qxc3 {[%emt 0:00:47]} Be5 {[%emt 0:00:03]} 40. Qc8+ {[%emt 0:00:24]} Qxc8 {[%emt 0:00:02]} 41. Rxc8+ {[%emt 0:00:04]} Kb7 {[%emt 0:00:01] [#]} 42. Rxd5 $1 {[%emt 0:00:14]} exd5 {[%emt 0:00:15]} 43. Rf8 {[%emt 0:00:05]} Kc6 {[%emt 0:03:16]} 44. Rxf7 {[%emt 0:00:07]} Bf4 {[%emt 0:00:06]} 45. g6 {[%emt 0:00:12]} 1-0

[Event "40th IND-chT Open 2020"]
[Site "Ahmedabad"]
[Date "2020.02.13"]
[Round "9.18"]
[White "Mayank Sharma Nandkishore"]
[Black "Sibi Visal R"]
[Result "1/2-1/2"]
[WhiteElo "1711"]
[BlackElo "2074"]
[Annotator "TA"]
[PlyCount "91"]
[EventDate "2020.02.05"]
[EventCountry "IND"]
[SourceTitle "playchess.com"]
[Source "ChessBase"]
[SourceQuality "1"]

{[%evp 9,91,-11,47,0,0,-7,23,0,0,0,0,-2,2,0,8,5,33,-2,-2,-2,-2,-2,0,-24,-21,-39,-6,-31,-25,-30,0,-20,-18,-19,-19,-88,-65,-112,-112,-114,-112,-108,-81,-72,-48,-48,-48,-74,-48,-99,-108,-204,-209,-209,-211,-172,-187,-250,-246,-243,-219,-220,-156,-167,-161,-141,-71,-79,438,427,539,528,451,197,172,135,385,0,0,0,295,0,8,0]} 1. d4 Nf6 2. Nc3 d5 3. Bf4 a6 4. Qd3 e6 5. e4 Bb4 {[#]} ({Black should try} 5... c5 $11) 6. exd5 $146 {D00: 1 d4 d5: Unusual lines.} (6. e5 $14 Ne4 7. Nge2) ({Predecessor:} 6. f3 c5 7. a3 Qa5 8. Nge2 cxd4 9. Nxd4 dxe4 10. fxe4 Bxc3+ 11. bxc3 Nbd7 12. Nb3 {0-1 (24) Brito,L (2227)-Macedo,M (2324) Natal 2020}) 6... Nxd5 $11 7. Bd2 c5 (7... Be7 {keeps more tension.} 8. O-O-O O-O 9. Kb1 Nd7 10. g3 b6) 8. Nxd5 {White has an edge.} (8. dxc5 {is more complex.} Nd7 9. Nxd5 Nxc5 10. Qd4 Bxd2+ 11. Kxd2 Qxd5 12. Qxd5 exd5 13. Bd3) 8... Bxd2+ 9. Qxd2 {aiming for Nf4.} Qxd5 10. Nf3 cxd4 11. Qxd4 Qxd4 12. Nxd4 e5 13. Nf3 Nc6 14. O-O-O Bg4 15. Be2 f6 16. h3 (16. Rhe1 $5 {[%cal Rf3e5]}) 16... Be6 17. Rhe1 Rc8 ({Worse is} 17... Bxa2 18. b3 $16) 18. a3 g5 19. Bd3 h5 20. h4 g4 21. Nd2 Ke7 22. b4 (22. Ne4 $11 {remains equal.}) 22... a5 23. b5 Nd4 24. Kb2 Nf5 25. g3 Nd6 26. Ne4 Nc4+ 27. Bxc4 $1 Rxc4 28. Nd6 Rc5 29. Rd2 (29. a4 $15 b6 30. Rd2) 29... Bd5 $17 30. c4 (30. Nf5+ $17 Ke6 31. Nd4+ Kf7 32. Nb3 Bxb3 33. cxb3) 30... Kxd6 $19 31. Red1 {[%cal Rd2d5]} Rxc4 32. Rxd5+ {[%mdl 4096] Endgame KRR-KRR} Ke6 33. Rd6+ (33. Rd7 $142) 33... Kf5 34. Rd7 Rhc8 {Strongly threatening ...Rc2+.} 35. R1d2 b6 36. R7d6 a4 37. Rxb6 Rc3 (37... R8c5 $142) 38. Ra6 $17 R8c4 $2 {[%mdl 8192] [#]} (38... Rb3+ $17 39. Ka2 Rxb5 40. Rxa4 Rb6) 39. Rxa4 $3 $18 {[%mdl 576] Deflection} Rxa4 40. Kxc3 Rxa3+ {KR-KR} 41. Kb4 (41. Kc4 $142) 41... Ra8 {If only Black now had time for ...Ke4....} 42. Rd3 Ke4 $2 {[#]} (42... Ke6 $16) 43. Re3+ $2 (43. Ra3 $1 $18 {[%cal Ra3a8]} Rc8 44. b6) 43... Kd5 $11 44. Rd3+ $2 {[%mdl 8192]} (44. Rc3 $11) 44... Ke4 $18 {[#]} 45. Re3+ $2 (45. Ra3 $1 $18 {[%cal Ra3a8]} Rc8 46. b6) 45... Kd5 $11 46. Rd3+ {Accuracy: White = 58%, Black = 66%.} 1/2-1/2